Statistics for Monsters in the Goosebumps Series by Letter - C

Click here to take the quiz!

General Stats

  • This quiz has been taken 10 times
  • The average score is 2 of 13

Answer Stats

Book(s) Featured InDescriptionMonster% Correct
Calling All Creeps!Reptilian beasts who are on a mission and believe Ricky is their CommanderCreeps
67%
The Cuckoo Clock of DoomA cuckoo clock that sends a boy named Michael Webster back in time when he turns the bird's head backwardsCuckoo Clock
67%
Goosebumps Horrorland; Creep from the DeepThe Captain of a pirate ship that vanished behind a gray cloudCaptain Long Ben One-Leg
33%
Claws!A group of undead cats brought to life via a magical pet store called "Cat Heaven"Cats
33%
Be Careful What You Wish For . . .A mysterious woman with the power to grant wishes, all of which come true in an unexpected way and with horrifying consequencesClarissa
33%
The Curse of the Cave CreaturesA primordial spirit that represents the darkest of animal nature, he has the ability to control or possess animals and has the allegiance of many sorcerers and ghosts in ArizonaCave Spirit
0%
Beware of the Purple Peanut ButterA slab of chocolate cake made with a special "growth spice"Chocolate Cake
0%
What's Cooking?The ghost of a cafeteria worker named Susan Chopman, who brandishes a meat cleaver and must be summoned by standing on your tip toes and saying "Chop Suey" three times in a rowChop Suey / Susan Chopman
0%
Welcome to Dead HouseThe realtor in Dark FallsCompton Dawes
0%
Deep in the Jungle of DoomA cave troll who's one intent is to eat or enslave those who happen upon himCronby
0%
Please Don't Feed the Bears!The owners of a bear-themed Amusement park named Cuddle Bear LandCuddle Bears
0%
Monster Blood IIThe hamster of the science teacher, Mr. MurphyCuddles
0%
Escape from Camp Run-For-Your-LifeA man in black who has power over the zombies that roam Zombie Mountain, and can also transform anyone into a zombieThe Cemetery Man
0%

Score Distribution

Percentile by Number Answered

Percent of People with Each Score

Your Score History

You have not taken this quiz